LEADER 01142nam a2200265 i 4500 001 000000174915 003 CaOOAMICUS 005 20210928153514.0 008 090114s2008 it u000 u ita u 013 $a152392 040 $aSeMil$bita 245 00$aRicordare fa bene :$b1983-2008 : don Mario da 25 anni è con noi. 264 1$aCibrone di Nibionno :$bParrocchia di San Carlo Borromeo,$c2008. 300 $a143 p. . riccamente ill. ;$c30 cm. 500 $aTitolo da copertina 541 0 $aOmaggio card. Dionigi Tettamanzi (3G VI 63) 600 14$aCarzaniga, Mario .$0(OLS)http://semarc/subject/33353 650 4$aNibionno - Cibrone.$0(OLS)http://semarc/subject/8545 850 $aSeMil 852 $aSeMil$W1$xVenegono$y1$m3G VI 63$j125743$B125743$CSeMilBibl$Z2$F140976 $81 941 1 $a5 961 $aOmaggio: Tettamanzi Card. Dionigi 996 $6245$aRicordare fa bene :$b1983-2008 : don Mario da 25 anni è con noi$9(OLS)http://semarc/title/250798 996 $6264$aCibrone di Nibionno :$bParrocchia di San Carlo Borromeo$9(OLS)http://semarc/publisher/49343 LEADER 00807nam a2200193 i 4500 001 000000178413 003 CaOOAMICUS 005 20090320000000.0 008 090320s1966 it u000 u ita u 013 $a155985 040 $aSeMil$bita 100 1 $aDurante, Antonio.$0(OLS)http://semarc/name/66310 245 10$aMonsignor Andrea Caron e un periodo critico di storia genovese /$cAntonio Durante. 260 $aGenova :$bScuola Grafica Don Bosco,$c1966. 300 $a246 p., [8] p. di tav. ;$c23 cm. 850 $aSeMil 852 $aSeMil$W1$xVenegono$y1$m3A II 136$j129190$B129190$CSeMilBibl$Z2$F140374 $81 996 $6245$aMonsignor Andrea Caron e un periodo critico di storia genovese$9(OLS)http://semarc/title/256245 996 $6260$aGenova :$bScuola Grafica Don Bosco$9(OLS)http://semarc/publisher/49504